000 00445nam a2200181Ia 4500
001 2002
005 20260306143810.0
008 260306t2015||||xx |||||||||||||| ||spa||
041 _aESP
082 _a610.153
_bH62
100 _aHobbie, Russell K.,
_eAUT
245 0 _aIntermediate physics for medicine and biology
260 _c2015
300 _axx, 629 páginas :
_c29 cm.
650 _aGEN
654 _aCCS
942 _cLIB
_dJUS
_fJUS
_2ddc
_n
999 _c2002
_d2002